Scripturae Sacrae cursus completus ex commentariis omnium perfectissimis ubique habitis, et a magna parte episcoporum necnon theologorum Europae catholicae, universim ad hoc interrogatorum, designatis unice conflatus plurimis annotationibus persbyteris ad docendos pascendosve populos altè positis

Detalles Bibliográficos
Formato: Libro
Lenguaje:Undetermined
Latin
Publicado: Parisiis : apud editores, 1837-1839.
Materias:
Colección:Banco de datos
Acervo:Biblioteca Palafoxiana. Colección bibliográfica
Descripción Física:t. ; f°
Tema general:Biblia
Notas:Sello en tinta: Biblioteca de la Universidad Católica Angelopolitana. Número de localización: t.1 (15065); t.5 (15068); t.7 (15070); t.9 (15072); t.10 (15073); t.11 (15074); t.15 (15078)
LEADER 00874nam a2200157Ia 4500
008 150723s9999 xx 000 0 und d
041 0 |a lat 
050 0 |a PAFX BS535 S2 
245 1 0 |a Scripturae Sacrae cursus completus ex commentariis omnium perfectissimis ubique habitis, et a magna parte episcoporum necnon theologorum Europae catholicae, universim ad hoc interrogatorum, designatis unice conflatus plurimis annotationibus persbyteris ad docendos pascendosve populos altè positis 
260 |a Parisiis : apud editores, 1837-1839. 
300 |a t. ; f° 
500 |a Sello en tinta: Biblioteca de la Universidad Católica Angelopolitana. Número de localización: t.1 (15065); t.5 (15068); t.7 (15070); t.9 (15072); t.10 (15073); t.11 (15074); t.15 (15078) 
650 1 0 |a Biblia 
942 |c PALALIB 
943 |g Biblioteca Palafoxiana. Colección bibliográfica 
999 |c 1046639  |d 1046639